Statistics for Top 2 countries of each category

Click here to take the quiz!

General Stats

  • This quiz has been taken 47 times
  • The average score is 13 of 15

Answer Stats

HintCountry% Correct
PopulationChina/India
100%
Most MegacitiesIndia/China
100%
Most BordersRussia/China
100%
Nominal GDPUnited States/China
100%
SizeRussia/Canada
98%
Most GoldChina/Australia
96%
ColdestRussia/Denmark(Greenland)
96%
SmallestVatican City/Monaco
93%
Most Olympic MedalsUnited States/Germany
91%
Life ExpectancyJapan/Monaco
89%
Most WineItaly/Spain
87%
GDP Per CapitaLuxembourg/Monaco
82%
Least DensiestMongolia/Namibia
80%
Most DensiestMacau/Monaco
78%
HottestEthiopia/Mali
44%

Score Distribution

Percentile by Number Answered

Percent of People with Each Score

Your Score History

You have not taken this quiz